1307 1673 1746 1137 1095 1128 1165 1833 1226 1662 1820 1739 1386 1869 1412 1890 1814 1320 1095 1083 1959 1760 1101 1257 1529 1947 1737 1883 1082 1896 1830 1214 1348 1202 1992 1633 1497 1074 1986 1927 1251 1863 1558 1111 1497 1134 1792 1970 1883 1582 1457 1825 1609 1553 1231 1108 1353 1471 1717 1552 1588 1540 1034 1519 1681 1792 1316 1093 1516 1519 1126 1229 1599 1391 1282 1529 1629 1250 1579 1581 1871 1398 1990 1111 1138 1252 1259 1745 1182 1174 1078 1335 1773 1371 1354 1611 1326 1411 1501 BCNSPRNW ULIB Ver.6.0+V

เปลี่ยนเป็นภาษาไทย

Change to English
 แสดงรายละเอียดบรรณานุกรม
  กลับหน้าหลัก

Brief Record : Get Marc (ISO 2709) : E-mail record : QR code < ปิดหน้าต่าง
LEADER : 00000nam 2200000uu 4500
001    13399113008
003     ULIB
008    110921s2547||||th 000 0 tha d
020    9746145444
050 00 PE1127.M4^bส719ภ ล.3 2547
110 2  มหาวิทยาลัยสุโขทัยธรรมาธิราช. ^bสาขาวิชาศิลปศาสตร์
245 10 ภาษาอังกฤษสำหรับบุคลากรสาธารณสุข หน่วยที่ 11-15= English for health personnel /^cสาขาวิชาศิลปศาสตร์มหาวิทยาลัยสุโขทัยธรรมาธิราช
246 31 English for health personnel
250    พิมพ์ครั้งที่ 4
260    กรุงเทพ :^bมหาวิทยาลัยสุโขทัยธรรมาธิราช,^c2547
300    (10), 317 หน้า :^bภาพประกอบ, ตาราง
440  0 เอกสารการสอนชุดวิชา ;^v11306
505 0  ล.3 หน่วยที่ 11-15
650  7 ภาษาอังกฤษ^xการใช้ภาษา
650  7 บุคลากรสาธารณสุข
945    ^p0^l0^i018548
995    ทศพร
999 ^a ทศพร
รายการนี้ยังไม่มีแท็ก
คุณยังไม่ได้ล็อกอิน คุณสามารถมีกิจกรรมร่วมกับเว็บไซต์ได้ แต่ต้องล็อกอินก่อน ::
  ล็อกอิน

รายการสื่อสารสนเทศ

ลำดับที่ ประเภท เลขเรียก/บาร์โค้ด สถานที่ สถานะ
- ไม่พบข้อมูล -

รายการใกล้เคียง
    หัวเรื่อง [ภาษาอังกฤษ การใช้ภาษา]
    หัวเรื่อง [บุคลากรสาธารณสุข]

BibComment


ยังไม่เคยถูกคอมเมนท์

คอมเมนท์ทรัพยากรรายการนี้
  คอมเมนท์: ภาษาอังกฤษสำหรับบ..


 Copyright 2026. Bcnsprnw @Library